Исследование и использование глин: Материалы совещания (Львов, май-июнь,1957 год)

Detalhes bibliográficos
Corporate Authors: Львовский государственный университет имени Ивана Франко, Исследование и использование глин
Resumo:Загл. указано на корешке
Idioma:russo
Publicado em: Львов, Изд-во Львовского ун-та, 1958
Assuntos:
Formato: MixedMaterials Livro
KOHA link:https://koha.lib.tpu.ru/cgi-bin/koha/opac-detail.pl?biblionumber=94466

MARC

LEADER 00000nam0a2200000 4500
001 94466
005 20231031105648.0
035 |a (RuTPU)RU\TPU\book\101199 
090 |a 94466 
100 |a 20060411d1958 k y0rusy50 ca 
101 0 |a rus 
102 |a RU 
105 |a a z 101zy 
200 1 |a Исследование и использование глин  |e Материалы совещания (Львов, май-июнь,1957 год)  |f Львовский государственный университет имени Ивана Франко 
210 |a Львов  |c Изд-во Львовского ун-та  |d 1958 
215 |a 856 с.  |c ил. 
300 |a Загл. указано на корешке 
320 |a Библиогр.: с. 807-810. 
610 1 |a минералогия 
610 1 |a глины 
610 1 |a бентониты 
610 1 |a лессы 
610 1 |a исследование 
610 1 |a глинистые породы 
610 1 |a технология 
610 1 |a каолины 
610 1 |a материалы 
675 |a 553(063)  |v 3 
675 |a 666(063)  |v 3 
712 0 2 |a Львовский государственный университет имени Ивана Франко 
712 0 2 |a Исследование и использование глин  |c совещание  |e Львов  |f 1957 
801 1 |a RU  |b 63413507  |c 20060411  |g PSBO 
801 2 |a RU  |b 63413507  |c 20180410  |g PSBO 
942 |c BK